00524cam a22001574a 4500020001500000020002200015040000800037082002600045100001800071245006000089260004400149300002700193650002600220856005400246856006600300 a0415212359 a0415212367 (pbk.) cDLC00a179 ROU 2000 A002 Or.1 aBenson, John,10aEnvironmental ethics :ban introduction with readings / aLondon ;aNew York :bRoutledge,c2000. aviii, 295 p. ;c25 cm. 0aEnvironmental ethics.41uhttp://www.loc.gov/catdir/toc/fy042/00056130.html42uhttp://www.loc.gov/catdir/enhancements/fy0650/00056130-d.html